000 00768cam a2200229 a 4500
001 12578181
005 20180202074058.0
008 011101s2001 ne a b 001 0 eng
010 _a 2001050596
020 _a1402002114 (alk. paper)
040 _aDLC
_cDLC
_dDLC
041 _aeng
080 _a543.086
082 0 0 _a543.086 BRO
_221
100 _a12KI
101 _aKIM
245 0 0 _aIntroduction to thermal analysis :
_cedited by Michael E. Brown.
504 _aIncludes bibliographical references and index.
906 _a7
_bcbc
_corignew
_d1
_eocip
_f20
_gy-gencatlg
942 _2ddc
_cBK
999 _c41652
_d41652